| 000 | 00454ntaaa2200181 4500 | ||
|---|---|---|---|
| 003 | 01 | ||
| 005 | 20251027202626.0 | ||
| 008 | 0714s1973 ag 01 | ||
| 040 |
_aAR-BaBN _bspa _cAR-BaBN _eaacr _dRIC |
||
| 082 | _a371.0000 Z1 | ||
| 100 |
_aZanotti, Luís Jorge _925542 |
||
| 245 | _aLa misión de la pedagogía | ||
| 250 | _a1 ed. | ||
| 260 |
_aBuenos Aires : _bEditorial Columba, _cc1967 |
||
| 300 | _a160 p | ||
| 650 |
_apedagogía _91020 |
||
| 942 | _cBK | ||
| 999 |
_c21396 _d21396 |
||